| 000 | 00576nam a2200229 a 4500 | ||
|---|---|---|---|
| 001 | nice12345678 | ||
| 003 | IN_TiNIC | ||
| 005 | 20260116015333.0 | ||
| 008 | 110420s2005 newa grp 000 0 eng | ||
| 020 |
_a1932099867 _c1500 |
||
| 082 | 0 | 0 |
_a297.2 _bBUY |
| 100 | _aBuytikcelebi, Ismail | ||
| 245 | _aLiving in the Shade of Islam | ||
| 260 |
_aNew Jersey, USA _bLight _c2005 |
||
| 300 | _a440p | ||
| 500 | _aincludes index and biblioraphy | ||
| 650 | _aIslam-Doctrines | ||
| 700 | 1 | _aBuytikcelebi, Ismail | |
| 902 | _bSRS | ||
| 942 | _cBK | ||
| 999 |
_c19286 _d19286 |
||